Prueba de amor / (Registro nro. 16154)
[ vista simple ]
| 000 -CABECERA | |
|---|---|
| campo de control de longitud fija | 00641nam a2200205 a 4500 |
| 001 - NÚMERO DE CONTROL | |
| campo de control | 000016621 |
| 005 - FECHA Y HORA DE LA ÚLTIMA TRANSACCIÓN | |
| campo de control | 20240412074245.0 |
| 008 - DATOS DE LONGITUD FIJA--INFORMACIÓN GENERAL | |
| campo de control de longitud fija | 100308s2004 xx 000 p spa d |
| 040 ## - FUENTE DE LA CATALOGACIÓN | |
| Centro catalogador/agencia de origen | DO-SdBNP |
| Lengua de catalogación | spa |
| Centro/agencia transcriptor | BNPHU |
| 082 ## - NÚMERO DE LA CLASIFICACIÓN DECIMAL DEWEY | |
| Número de clasificación | RD861.44 |
| Número de documento/Ítem | M948p |
| 100 1# - ENTRADA PRINCIPAL--NOMBRE DE PERSONA | |
| Nombre de persona | Mues, Dulce |
| 9 (RLIN) | 36924 |
| 245 10 - MENCIÓN DE TÍTULO | |
| Título | Prueba de amor / |
| Mención de responsabilidad, etc. | Dulce Mues ; prólogo Felix Hernández. |
| 260 ## - PUBLICACIÓN, DISTRIBUCIÓN, ETC. | |
| Lugar de publicación, distribución, etc. | [Santo Domingo : |
| Nombre del editor, distribuidor, etc. | s.n, |
| Fecha de publicación, distribución, etc. | 2004?]. |
| 300 ## - DESCRIPCIÓN FÍSICA | |
| Extensión | 134 p. ; |
| Dimensiones | 22 cm. |
| 590 ## - NOTA LOCAL (RLIN) | |
| Nota local | Inventariado, 2018/LP |
| 650 #0 - PUNTO DE ACCESO ADICIONAL DE MATERIA--TÉRMINO DE MATERIA | |
| Término de materia o nombre geográfico como elemento de entrada | Poesía dominicana |
| 9 (RLIN) | 66 |
| 650 #0 - PUNTO DE ACCESO ADICIONAL DE MATERIA--TÉRMINO DE MATERIA | |
| Término de materia o nombre geográfico como elemento de entrada | Literatura dominicana. |
| 9 (RLIN) | 67 |
| 700 1# - PUNTO DE ACCESO ADICIONAL--NOMBRE DE PERSONA | |
| Nombre de persona | Hernández, Felix, |
| Término indicativo de función/relación | pról. |
| 9 (RLIN) | 36925 |
| 910 ## - DATOS DE OPCIÓN DEL USUARIO (OCLC) | |
| Datos de opción del usuario | Validado. Control de calidad MMOLINA |
| Estado de retiro | Estado de pérdida | Restricciones de uso | No para préstamo | Código de colección | Localización permanente | Ubicación/localización actual | Ubicación en estantería | Fecha de adquisición | Número de inventario | Total de préstamos | Signatura topográfica completa | Código de barras | Fecha visto por última vez | Número de copia | Precio válido a partir de | Tipo de ítem Koha |
|---|---|---|---|---|---|---|---|---|---|---|---|---|---|---|---|---|
| Monografías: Libros y Folletos | General | General | Depósito | 14.07.2011 | LF1 | RD861.44 M948p | 16621-40 | 25.06.2020 | e. 3 | 25.06.2020 | Préstamo en sala | |||||
| Excluido de préstamo | Monografías: Libros y Folletos | Patrimonio Dominicano | Patrimonio Dominicano | Depósito | 08.03.2010 | LF1 | RD863.44 M948p | 16621-10 | 25.06.2020 | 25.06.2020 | No se presta | |||||
| Excluido de préstamo | Monografías: Libros y Folletos | Patrimonio Dominicano | Patrimonio Dominicano | Depósito | 08.03.2010 | LF1 | RD863.44 M948p | 16621-20 | 25.06.2020 | e. 2 | 25.06.2020 | No se presta |
